|
|
|
|
| LEADER |
00000cam a2200000 7i4500 |
| 001 |
0000000691 |
| 005 |
20011210.0 |
| 020 |
0 |
0 |
|a 9679423298
|
| 090 |
0 |
0 |
|a 338.634095951
|b IND 1995
|
| 245 |
0 |
0 |
|a INDUSTRI desa Semenanjung Malaysia
|c disunting oleh Chamhuri Siwar, Abdul Hamid Jaafar, Ahmad Mad Zin
|
| 260 |
0 |
0 |
|a Bangi, Selangor :
|b Penerbit UKM ,
|c 1995
|
| 300 |
|
|
|a 116 p. ;
|c 23 cm.
|
| 500 |
0 |
0 |
|a Bibliography : [p. 111-113] and index
|
| 650 |
0 |
0 |
|a Cottage industries
|z Peninsular Malaysia
|
| 650 |
0 |
0 |
|a Rural industries
|z Peninsular Malaysia
|
| 650 |
0 |
0 |
|a Small business
|z Peninsular Malaysia
|
| 700 |
0 |
1 |
|a Abdul Hamid Jaafar
|
| 700 |
0 |
1 |
|a Ahmad Mad Zin
|
| 700 |
0 |
1 |
|a Chamhuri Siwar ,
|c 1949-
|
| 998 |
|
|
|a JPSM
|
| 999 |
|
|
|a 0000001787
|b Monograph
|c Open Shelf
|e Default branch
|